LEADER 00930nam a2200205 i 4500 001 000000018363 003 CaOOAMICUS 005 20180830125444.0 008 180830s1838 fr u000 u und u 040 $aSeMil$bita 100 1 $aBonald, Louis : de,$d<1754-1840>.$0(OLS)http://semarc/name/2864 245 10$aRecherches philosophiques sur les premiers objets des connaissances morales /$cpar M. de Bonald. 250 $a3. Ed. 260 $aParis :$bLibrairie d'Adrien Le Clere et C.,$c1838. 300 $a2 v. ;$c22 cm. 773 0 $aBonald, Louis : de <1754-1840>$tOeuvres de M. de Bonald.$dParis : Librairie d'Adrien Le Clere et C., 1830.$w()4749 774 0 $tTome 1.$g1$w()60451 774 0 $tTome 2.$g2$w()222055 996 $6245$aRecherches philosophiques sur les premiers objets des connaissances morales$9(OLS)http://semarc/title/24196 996 $6260$aParis :$bLibrairie d'Adrien Le Clere et C.$9(OLS)http://semarc/publisher/31345 LEADER 01173nam a2200289 i 4500 001 000000152035 003 CaOOAMICUS 005 20060720000000.0 008 060720s1977 it u000 u ita u 013 $a129376 040 $aSeMil$bita 100 1 $aValeri, Diego,$d<1887-1976>.$0(OLS)http://semarc/name/29798 245 10$aPoesie scelte :$b(1910-1975) /$cDiego Valeri ; a cura di Carlo Della Corte. 260 $aMilano :$bArnoldo Mondadori Editore,$ccopyr. 1977. 300 $aXXXIII, 99 p. ;$c19 cm. 490 0 $aGli Oscar Mondadori. Poesia ;$vL236 490 0 $aOscar Mondadori 500 $aContiene : Bibliografia. - Fondo Ciprandi. 700 1 $aDella Corte, Carlo.$0(OLS)http://semarc/name/41185 830 0$aOscar poesia ;$vL236.$0(OLS)http://semarc/title/2778 830 0$aOscar.$0(OLS)http://semarc/title/8669 850 $aSeMil 852 $aSeMil$W1$xVenegono$y1$m1A I 205$j271064$B103996$CSeMilBibl$Z2$F113082 $81 941 1 $a1 961 $aOmaggio: Ciprandi dott. Paolo 996 $6245$aPoesie scelte :$b(1910-1975)$9(OLS)http://semarc/title/222228 996 $6260$aMilano :$bArnoldo Mondadori Editore$9(OLS)http://semarc/publisher/30056